00599nam a22001697a 450000500170000001000150001702000260003203500140005803700130007208200120008510000280009724500980012526000250022327001010024830000340034950000460038320200914125912.0 aENG-128429 c499.00a9789389604726 aEN-111961 bDBAD/PUB a599.756 aNasir, Syead Wahabuddin aTiger: The Soul of the Wild/cAuthored by Syead Wahabuddin Nasir and co-authored by D K Paul  aChennaibBUUKSc2019 aJVL Plaza, 4th Floor, 501, Anna Salai Teynampet,bChennaie600 018k044-4992727mhello@buuks.com axx;196p.c21cm(pbk)bPictures aIncludes Glossary, Bibliography and Index